World's Largest Cities - Statistics

General Stats
  • This quiz has been taken 61 times
  • The average score is 7 of 10
Answer Stats
Estimated Population in Millions City % Correct
37.5 Tokyo-Yokohama
95%
21 New York City
91%
23.1 Shanghai
83%
20.1 Mexico City
72%
30 Jakarta
71%
20.1 Sao Paulo
67%
24.3 Delhi
66%
23.4 Seoul-Incheon
60%
22.3 Karachi
52%
23.1 Manila
48%
No matching quizzes found
Score Distribution
Percent of People with Each Score
Percentile by Number Answered
Your Score History
You have not taken this quiz